[Event "2nd open for DUNI cup"]
[Site "Primorsko"]
[Date "2016.09.04"]
[Round "5.1"]
[White "Dereshki, Dario"]
[Black "Ozturk, Emir"]
[Result "1-0"]
[WhiteElo "2051"]
[BlackElo "2191"]
[PlyCount "47"]
[EventDate "2016.09.02"]
[EventType "swiss"]
[EventRounds "7"]
[EventCountry "BUL"]

1. d4 Nf6 2. c4 e6 3. Nf3 b6 4. g3 Bb7 5. Bg2 Be7 6. O-O O-O 7. Nc3 Ne4 8. Bd2
Bf6 9. Rc1 c5 10. dxc5 bxc5 11. Bf4 Nxc3 12. bxc3 d5 13. Rb1 Bc6 14. Ne5 Bxe5
15. Bxe5 Qd7 16. cxd5 Bxd5 17. e4 Bc6 18. Qg4 f5 19. exf5 exf5 20. Qc4+ Qf7 21.
Qxf7+ Kxf7 22. Bxc6 Nxc6 23. Rb7+ Ke6 24. Bxg7 1-0

[Event "2nd open for DUNI cup"]
[Site "Primorsko"]
[Date "2016.09.04"]
[Round "5.2"]
[White "Stoyanov, Tsvetan"]
[Black "Angelov, Zvetomir"]
[Result "1-0"]
[WhiteElo "2068"]
[BlackElo "1984"]
[PlyCount "73"]
[EventDate "2016.09.02"]
[EventType "swiss"]
[EventRounds "7"]
[EventCountry "BUL"]

1. Nf3 d5 2. d4 e6 3. c4 Nf6 4. Nc3 Be7 5. g3 O-O 6. Bg2 Nbd7 7. O-O dxc4 8.
Qc2 Nd5 9. e4 Nxc3 10. Qxc3 Nb6 11. Be3 Qe8 12. Ne5 Qb5 13. Rfc1 c5 14. Nxc4
cxd4 15. Bxd4 Nxc4 16. Qxc4 Qxc4 17. Rxc4 Rd8 18. e5 Bd7 19. Bxb7 Bb5 20. Rc7
Rxd4 21. Bxa8 Bd8 22. Rxa7 f6 23. a4 Be2 24. a5 fxe5 25. Bg2 e4 26. Ra8 Kf7 27.
a6 Bb6 28. a7 e3 29. Rf8+ Kg6 30. a8=Q exf2+ 31. Rxf2 Bg4 32. Raf1 Rb4 33. Qe8+
Kh6 34. Qe7 Rc4 35. h3 Bf5 36. g4 Bg6 37. Qh4+ 1-0

[Event "2nd open for DUNI cup"]
[Site "Primorsko"]
[Date "2016.09.04"]
[Round "5.3"]
[White "Mladenov, Emil"]
[Black "Mitrev, Emil"]
[Result "0-1"]
[WhiteElo "2033"]
[BlackElo "2127"]
[PlyCount "120"]
[EventDate "2016.09.02"]
[EventType "swiss"]
[EventRounds "7"]
[EventCountry "BUL"]

1. e4 c5 2. g3 Nc6 3. Bg2 g6 4. Ne2 Bg7 5. c3 e5 6. d3 d6 7. Be3 Nge7 8. O-O
O-O 9. d4 b6 10. f4 Bg4 11. d5 exf4 12. gxf4 Na5 13. h3 Nc4 14. Bc1 Bd7 15. b3
Na5 16. Nd2 f5 17. Bb2 fxe4 18. Nxe4 Nf5 19. Qd2 h6 20. Rf3 Nb7 21. c4 Qe7 22.
N4g3 Nh4 23. Re3 Qf7 24. Bxg7 Qxg7 25. Re1 Rf7 26. Qc3 Qxc3 27. Nxc3 Rxf4 28.
Nb5 Bxb5 29. cxb5 Raf8 30. Re7 R8f7 31. R1e6 Rxe7 32. Rxe7 Rf7 33. Re6 Kg7 34.
Ne4 Nf5 35. Bf1 Nd8 36. Nxd6 Nxe6 37. Nxf7 Kxf7 38. dxe6+ Kxe6 39. Kf2 Ke5 40.
Kf3 Nd4+ 41. Ke3 Nc2+ 42. Kd2 Nb4 43. a3 Nd5 44. Kd3 g5 45. Kd2 Kd4 46. Bd3 Nf6
47. Bf5 h5 48. Ke2 g4 49. hxg4 Nxg4 50. Kf3 Kc3 51. Be6 Ne5+ 52. Ke4 Nd3 53.
Kf5 Nc1 54. Kg5 Nxb3 55. Kxh5 Nd4 56. Bd7 Kb3 57. Kg5 c4 58. Kf4 c3 59. Ke3 c2
60. Kxd4 c1=Q 0-1

[Event "2nd open for DUNI cup"]
[Site "Primorsko"]
[Date "2016.09.04"]
[Round "5.4"]
[White "Glavchev, Stanislav"]
[Black "Dimitrov, Dejan"]
[Result "1/2-1/2"]
[WhiteElo "2074"]
[BlackElo "1841"]
[PlyCount "54"]
[EventDate "2016.09.02"]
[EventType "swiss"]
[EventRounds "7"]
[EventCountry "BUL"]

1. e4 e6 2. d4 d5 3. e5 c5 4. c3 Qb6 5. Nf3 Bd7 6. Be2 cxd4 7. cxd4 Bb5 8. Qb3
Bxe2 9. Qxb6 axb6 10. Kxe2 Nc6 11. Nc3 Kd7 12. Be3 f6 13. Rhd1 Nge7 14. h4 h5
15. g3 Ng6 16. b3 Ra6 17. exf6 gxf6 18. a4 Na5 19. Rab1 Bb4 20. Nb5 Rc8 21.
Rdc1 Raa8 22. Bd2 Nc6 23. Ne1 e5 24. Nc2 Bxd2 25. Kxd2 e4 26. Nc3 Nge7 27. Ne2
Ng6 1/2-1/2

[Event "2nd open for DUNI cup"]
[Site "Primorsko"]
[Date "2016.09.04"]
[Round "5.5"]
[White "Vladimirov, Ivo"]
[Black "Tsolov, Emil"]
[Result "1/2-1/2"]
[WhiteElo "2017"]
[BlackElo "1838"]
[PlyCount "48"]
[EventDate "2016.09.02"]
[EventType "swiss"]
[EventRounds "7"]
[EventCountry "BUL"]

1. d4 Nf6 2. c4 e6 3. Nf3 d5 4. Nc3 Bb4 5. a3 Bxc3+ 6. bxc3 O-O 7. cxd5 exd5 8.
Bg5 Qd6 9. Bxf6 Qxf6 10. e3 b6 11. Bd3 Bg4 12. Be2 Nd7 13. O-O Rfd8 14. Kh1 c5
15. Rc1 c4 16. Ne5 Nxe5 17. Bxg4 Nxg4 18. Qxg4 Qd6 19. Ra1 Re8 20. a4 Re6 21.
Qg3 Qc6 22. Rfb1 Rg6 23. Qf4 Rf6 24. Qg3 Rg6 1/2-1/2

[Event "2nd open for DUNI cup"]
[Site "Primorsko"]
[Date "2016.09.04"]
[Round "5.13"]
[White "Ivanov, Oleg M."]
[Black "Zhelev, Mavri"]
[Result "0-1"]
[WhiteElo "1613"]
[BlackElo "1773"]
[PlyCount "58"]
[EventDate "2016.09.02"]
[EventType "swiss"]
[EventRounds "7"]
[EventCountry "BUL"]

1. Nc3 c6 2. e4 d5 3. e5 Bf5 4. Nf3 e6 5. d4 c5 6. Be3 c4 7. Be2 Nc6 8. O-O h6
9. b3 Bb4 10. Na4 b5 11. a3 bxa4 12. axb4 Nxb4 13. bxc4 Nxc2 14. c5 Nxa1 15.
Qxa4+ Kf8 16. Rxa1 Ne7 17. Ne1 g5 18. Nd3 Kg7 19. Nb4 Qc7 20. Na6 Qb7 21. Bb5
Rhc8 22. Bd2 Nc6 23. Nb4 Nxb4 24. Qxb4 Rab8 25. Ba6 Qxb4 26. Bxb4 Rc6 27. g4
Rxb4 28. gxf5 Rxd4 29. f6+ Kg6 0-1

[Event "2nd open for DUNI cup"]
[Site "Primorsko"]
[Date "2016.09.04"]
[Round "6.2"]
[White "Ozturk, Emir"]
[Black "Stoyanov, Tsvetan"]
[Result "1-0"]
[WhiteElo "2191"]
[BlackElo "2068"]
[PlyCount "149"]
[EventDate "2016.09.02"]
[EventType "swiss"]
[EventRounds "7"]
[EventCountry "BUL"]

1. d4 Nf6 2. c4 e6 3. Nf3 Bb4+ 4. Bd2 Qe7 5. g3 b6 6. Bg2 Bb7 7. O-O Bxd2 8.
Qxd2 O-O 9. Qc2 d6 10. Nc3 Nbd7 11. e4 e5 12. Nd5 Nxd5 13. cxd5 Rfc8 14. dxe5
dxe5 15. Rfd1 c6 16. d6 Qe6 17. h4 Rd8 18. Ng5 Qe8 19. Bh3 h6 20. Nf3 Nf6 21.
b4 c5 22. bxc5 Bxe4 23. Qc3 Bxf3 24. Qxf3 bxc5 25. Rac1 e4 26. Qe3 Qc6 27. Rxc5
Qb6 28. Qd4 Nd7 29. Bxd7 Rxd7 30. Qxe4 Rad8 31. Rc6 Qb2 32. Qd5 Qf6 33. Kg2 Qg6
34. a4 Kh7 35. a5 Qf6 36. Rd4 Kg8 37. a6 Qg6 38. Qe5 h5 39. Rd5 Qh6 40. Qf5 g6
41. Qe4 Qf8 42. Qf4 Qe8 43. Qd4 Qf8 44. Qe5 Qg7 45. Qf4 Qf8 46. Rd4 Qe8 47. Kh2
Qe6 48. Re4 Qd5 49. Rc7 Qxd6 50. Qxd6 Rxd6 51. Rxa7 R6d7 52. Rxd7 Rxd7 53. Ra4
Ra7 54. Kg2 Kf8 55. Kf3 Ke7 56. Kf4 f6 57. Ke4 Kd6 58. Kd4 Kc6 59. Kc4 Kd6 60.
Kb5 Kc7 61. Re4 Ra8 62. Re6 Rf8 63. Re7+ Kb8 64. Rh7 f5 65. Rb7+ Ka8 66. Rb6
Rg8 67. f4 Ka7 68. Rc6 Kb8 69. Kc5 Ka7 70. Kd5 Rd8+ 71. Ke5 Re8+ 72. Re6 Rg8
73. Kf6 Ka8 74. Kf7 Rc8 75. Re8 1-0

[Event "2nd open for DUNI cup"]
[Site "Primorsko"]
[Date "2016.09.04"]
[Round "6.3"]
[White "Angelov, Zvetomir"]
[Black "Kralevski, Aleksander"]
[Result "0-1"]
[WhiteElo "1984"]
[BlackElo "2130"]
[PlyCount "74"]
[EventDate "2016.09.02"]
[EventType "swiss"]
[EventRounds "7"]
[EventCountry "BUL"]

1. d4 d5 2. Bf4 Nf6 3. Nf3 e6 4. e3 Be7 5. Bd3 Nh5 6. Be5 Nd7 7. Nbd2 Nxe5 8.
Nxe5 Nf6 9. Qf3 Bd6 10. Qg3 g6 11. f4 c5 12. c3 Be7 13. O-O Nh5 14. Qf2 f5 15.
Bb5+ Kf8 16. Be2 Nf6 17. g4 Kg7 18. Kh1 Bd6 19. g5 Nd7 20. Nef3 a5 21. Kg2 Rb8
22. h4 b5 23. h5 b4 24. Rh1 a4 25. a3 bxc3 26. bxc3 c4 27. Rh2 Nf8 28. Rah1
gxh5 29. Rxh5 Kf7 30. g6+ Nxg6 31. Qg3 Qg8 32. Ng5+ Ke8 33. Nxh7 Be7 34. Rh6
Nf8 35. Ng5 Rxh6 36. Rxh6 Rb2 37. Bh5+ Kd7 0-1

[Event "2nd open for DUNI cup"]
[Site "Primorsko"]
[Date "2016.09.04"]
[Round "6.4"]
[White "Valkov, Vladimir"]
[Black "Glavchev, Stanislav"]
[Result "1/2-1/2"]
[WhiteElo "1940"]
[BlackElo "2074"]
[PlyCount "48"]
[EventDate "2016.09.02"]
[EventType "swiss"]
[EventRounds "7"]
[EventCountry "BUL"]

1. e4 Nc6 2. Nf3 e5 3. Nc3 Nf6 4. Bb5 Bb4 5. Bxc6 dxc6 6. d3 Nd7 7. O-O O-O 8.
Ne2 Re8 9. h3 Nf8 10. Nh2 Ng6 11. f4 exf4 12. Nxf4 Nxf4 13. Rxf4 Bd6 14. Rf1
Qh4 15. Nf3 Qg3 16. Qe1 f5 17. Qxg3 Bxg3 18. exf5 Bxf5 19. Nd4 Bg6 20. Bf4 Bxf4
21. Rxf4 c5 22. Nb5 Re7 23. Raf1 h6 24. Nc3 Rd8 1/2-1/2

[Event "2nd open for DUNI cup"]
[Site "Primorsko"]
[Date "2016.09.04"]
[Round "6.5"]
[White "Dyakov, Martin"]
[Black "Dimitrov, Dejan"]
[Result "0-1"]
[WhiteElo "2070"]
[BlackElo "1841"]
[PlyCount "108"]
[EventDate "2016.09.02"]
[EventType "swiss"]
[EventRounds "7"]
[EventCountry "BUL"]

1. e4 e5 2. Nf3 Nc6 3. Bb5 a6 4. Ba4 d6 5. Bxc6+ bxc6 6. d4 exd4 7. Nxd4 Bd7 8.
Nc3 Ne7 9. Be3 c5 10. Nde2 Ng6 11. Qd2 Ne5 12. b3 Be7 13. O-O O-O 14. Rad1 Bc6
15. Nd5 Ng4 16. Bf4 Nf6 17. Nec3 Re8 18. Rfe1 Nxd5 19. Nxd5 Bf6 20. Qa5 Bxd5
21. Rxd5 Qc8 22. Bg3 Qb7 23. Qd2 Re6 24. e5 Rae8 25. f3 dxe5 26. Rxc5 Rd8 27.
Qa5 Qb6 28. Kf1 h6 29. Bxe5 Bh4 30. g3 Be7 31. Bxc7 Rxe1+ 32. Kxe1 Qxa5+ 33.
Rxa5 Bb4+ 34. Ke2 Rd2+ 35. Ke3 Bxa5 36. Bxa5 Rxc2 37. h4 Rxa2 38. b4 Rc2 39.
Bd8 Rc3+ 40. Ke2 Kf8 41. Bb6 Rc4 42. Bc5+ Ke8 43. Bd6 h5 44. Kd3 Rc1 45. Bf4
Rc6 46. Be5 f6 47. Bd4 Kf7 48. Bc5 Ke6 49. g4 hxg4 50. fxg4 a5 51. Kd4 axb4 52.
Bxb4 Ra6 53. g5 Ra4 54. Kc5 Rxb4 0-1

[Event "2nd open for DUNI cup"]
[Site "Primorsko"]
[Date "2016.09.05"]
[Round "7.1"]
[White "Dereshki, Dario"]
[Black "Kralevski, Aleksander"]
[Result "1-0"]
[WhiteElo "2051"]
[BlackElo "2130"]
[PlyCount "117"]
[EventDate "2016.09.02"]
[EventType "swiss"]
[EventRounds "7"]
[EventCountry "BUL"]

1. d4 d5 2. Nf3 Nf6 3. c4 c6 4. e3 e6 5. Nc3 Nbd7 6. Qc2 Bd6 7. g4 h6 8. h3 Qe7
9. Bd2 a6 10. c5 Bc7 11. b4 e5 12. Be2 Nh7 13. dxe5 Nxe5 14. Nd4 g6 15. e4 Nf6
16. exd5 Nxd5 17. Nxd5 cxd5 18. O-O-O Nc6 19. Nxc6 bxc6 20. Bc3 O-O 21. Bd3 Be5
22. Rhe1 Qg5+ 23. Kb1 Bxc3 24. Qxc3 Rb8 25. Qd4 a5 26. a3 axb4 27. axb4 Bd7 28.
f4 Qd8 29. b5 cxb5 30. Bxg6 Ra8 31. Bc2 Qa5 32. Bb3 Rfe8 33. Rxe8+ Rxe8 34.
Bxd5 Bc8 35. Bc6 Re1 36. Rxe1 Qxe1+ 37. Kb2 Qe2+ 38. Kc3 Qe1+ 39. Kc2 Qe2+ 40.
Kc1 Be6 41. Bd5 Bxd5 42. Qxd5 b4 43. Qd8+ Kh7 44. Qd2 Qf1+ 45. Kb2 Qxh3 46.
Qxb4 Qxg4 47. Qc4 Kg8 48. c6 Kf8 49. c7 Qc8 50. Qc5+ Ke8 51. Qc6+ Kf8 52. Qxh6+
Ke7 53. Qc6 f5 54. Ka3 Kf7 55. Ka4 Ke7 56. Ka5 Kf7 57. Kb6 Ke7 58. Ka7 Kf7 59.
Qb7 1-0

[Event "2nd open for DUNI cup"]
[Site "Primorsko"]
[Date "2016.09.05"]
[Round "7.2"]
[White "Dimitrov, Dejan"]
[Black "Ozturk, Emir"]
[Result "1/2-1/2"]
[WhiteElo "1841"]
[BlackElo "2191"]
[PlyCount "105"]
[EventDate "2016.09.02"]
[EventType "swiss"]
[EventRounds "7"]
[EventCountry "BUL"]

1. d4 Nf6 2. Bf4 e6 3. e3 c5 4. Nf3 Nc6 5. c3 d5 6. Nbd2 Bd6 7. Bg3 O-O 8. Bd3
b6 9. Ne5 Bb7 10. f4 Ne7 11. Qf3 Nf5 12. Bf2 Be7 13. Qh3 Nd6 14. Rd1 c4 15. Bc2
b5 16. Bh4 Nfe4 17. Bxe7 Qxe7 18. O-O a5 19. Nxe4 dxe4 20. Rb1 Rfc8 21. Nf3 b4
22. Nd2 Bd5 23. Rfc1 Rab8 24. Ba4 Rb6 25. Qh5 Rcb8 26. Qe2 Qa7 27. Qf1 g6 28.
Qe1 R8b7 29. Qf1 Qb8 30. b3 cxb3 31. axb3 bxc3 32. Rxc3 Rb4 33. Rbc1 Qa7 34.
Qe1 Kg7 35. Rc5 R7b6 36. h3 Nf5 37. Kh2 Nd6 38. Qh4 Nf5 39. Qd8 Qe7 40. Qxe7
Nxe7 41. Rxa5 Rb7 42. g4 h6 43. Rac5 f5 44. Kg3 Kf6 45. Rc7 g5 46. R1c5 fxg4
47. hxg4 gxf4+ 48. Kxf4 Ng6+ 49. Kg3 Ne7 50. Rxb7 Rxb7 51. Rb5 Rc7 52. Rc5 Rb7
53. Rb5 1/2-1/2

[Event "2nd open for DUNI cup"]
[Site "Primorsko"]
[Date "2016.09.05"]
[Round "7.4"]
[White "Stoyanov, Tsvetan"]
[Black "Ivanov, Ljubomir"]
[Result "0-1"]
[WhiteElo "2068"]
[BlackElo "1789"]
[PlyCount "130"]
[EventDate "2016.09.02"]
[EventType "swiss"]
[EventRounds "7"]
[EventCountry "BUL"]

1. e4 c6 2. d4 d5 3. Nc3 dxe4 4. Nxe4 Bf5 5. Ng3 Bg6 6. h4 h6 7. Nf3 Nd7 8. h5
Bh7 9. Bd3 Bxd3 10. Qxd3 Qc7 11. Bd2 Ngf6 12. O-O-O e6 13. Ne4 Nxe4 14. Qxe4
Nf6 15. Qe2 O-O-O 16. g3 c5 17. Rh4 Rd5 18. c4 cxd4 19. Nxd4 e5 20. Bc3 Rxd4
21. Bxd4 exd4 22. Rhxd4 Bc5 23. R4d3 Re8 24. Qf3 Qe5 25. a3 a5 26. Kb1 Qe4 27.
Ka1 Qxf3 28. Rxf3 Re2 29. Rf5 b6 30. f3 Kc7 31. g4 Bd6 32. f4 Re4 33. g5 hxg5
34. fxg5 Nxh5 35. Rxf7+ Kc6 36. Kb1 Rxc4 37. Rc1 Rxc1+ 38. Kxc1 g6 39. Rf1 Bf4+
40. Kc2 Kc5 41. Re1 Kd5 42. b3 Ng3 43. Re8 Nf5 44. Re1 Bxg5 45. Rg1 Nd4+ 46.
Kd3 Ne6 47. Rg4 Be7 48. b4 axb4 49. axb4 g5 50. Kc3 b5 51. Rg1 Bf6+ 52. Kd2 Nd4
53. Kd3 Nc6 54. Ke2 Nxb4 55. Kf3 Nc6 56. Kg4 Nd4 57. Rf1 Be7 58. Re1 Bd6 59.
Re8 Bf4 60. Rd8+ Kc4 61. Rc8+ Kd3 62. Rc5 b4 63. Rd5 b3 64. Rd7 b2 65. Rb7 Kc2
0-1

[Event "2nd open for DUNI cup"]
[Site "Primorsko"]
[Date "2016.09.05"]
[Round "7.5"]
[White "Mladenov, Emil"]
[Black "Tsolov, Emil"]
[Result "0-1"]
[WhiteElo "2033"]
[BlackElo "1838"]
[PlyCount "70"]
[EventDate "2016.09.02"]
[EventType "swiss"]
[EventRounds "7"]
[EventCountry "BUL"]

1. e4 c5 2. g3 d5 3. Nc3 d4 4. Nce2 Nc6 5. d3 Nf6 6. Bg2 e5 7. h3 Be7 8. f4
exf4 9. gxf4 Nh5 10. Nf3 Bh4+ 11. Nxh4 Qxh4+ 12. Kf1 Bd7 13. a3 f5 14. Qe1 Qe7
15. Kg1 O-O-O 16. Kh2 h6 17. Bf3 Qf7 18. Ng3 Nxg3 19. Qxg3 g5 20. Bd2 fxe4 21.
Bxe4 gxf4 22. Bxf4 Rhg8 23. Qh4 Rdf8 24. Raf1 h5 25. Rhg1 Rxg1 26. Kxg1 Rg8+
27. Kh2 Qe6 28. Rf2 b6 29. Rg2 Rf8 30. Re2 Qf7 31. Bg3 Qf1 32. Rf2 Rxf2+ 33.
Bxf2 Kb7 34. Bf3 Ka6 35. Bg2 Qe2 0-1